Spalovací motory
Gespeichert in:
| 1. Verfasser: | |
|---|---|
| Format: | Buch |
| Sprache: | Tschechisch |
| Veröffentlicht: |
Praha :
ČVUT v Praze,
2012
|
| Ausgabe: | 1. vyd. |
| Schlagworte: | |
| Tags: |
Keine Tags, Fügen Sie das erste Tag hinzu!
|
MARC
| LEADER | 00000nam a22000003a 4500 | ||
|---|---|---|---|
| 001 | stu245971 | ||
| 005 | 20150617230158.8 | ||
| 008 | 120423s2012----xr------------------cze-d | ||
| 020 | |a 978-80-01-05015-6 | ||
| 040 | |a STU |b slo | ||
| 041 | 0 | |a cze | |
| 044 | |a xr | ||
| 080 | |a 621.43 | ||
| 100 | 1 | |a Macek, Jan |4 aut | |
| 245 | 1 | |a Spalovací motory | |
| 250 | |a 1. vyd. | ||
| 260 | |a Praha : |b ČVUT v Praze, |c 2012 | ||
| 300 | |a 262 s | ||
| 650 | 7 | |a Motory spaľovacie |2 stusub | |
| 996 | |b 284J040176 |c J*114951 |l JJST |s P |a 0 |w stu245971_0001 | ||